Clubs de foot qui ont perdu en finale de ligue des champions - Statistiques

Statistiques générales
  • Ce quiz a été pris 623 fois
    342 depuis la dernière actualisation
  • Le résultat moyen est 21 sur 36
Statistiques - réponses
Nombre de finale perdue Club % Correct
1 Paris Saint-Germain
95%
5 Bayern Munich
93%
3 FC Barcelone
92%
7 Juventus
91%
2 Manchester United
91%
4 Liverpool FC
90%
3 Réal Madrid
90%
1 Borussia Dortmund
89%
3 Inter Milan
89%
1 Manchester City
89%
4 AC Milan
88%
1 Chelsea FC
86%
1 Olympique de Marseille
84%
1 Arsenal
83%
3 Atlético Madrid
83%
2 Ajax Amsterdam
74%
1 Tottenham Hotspur
74%
1 AS Monaco
71%
2 Stade de Reims
66%
2 Valence CF
58%
1 AS Saint-Étienne
57%
1 AS Rome
54%
1 Celtic Glasgow
46%
1 Bayer Leverkusen
41%
1 Hambourg SV
38%
1 ACF Fiorentina
29%
5 Benfica
25%
1 Steaua Bucarest
24%
1 Club Bruges
23%
1 Leeds United
23%
1 Eintracht Francfort
20%
1 UC Sampdoria
16%
1 Borussia Mönchengladbach
13%
1 Malmö FF
12%
1 Partizan Belgrade
12%
1 Panathinaïkós
10%
Aucun quiz correspondant
Distribution des résultats
% des personnes avec chaque résultat
Percentile par nombre de réponses
Votre historique - résultats
Vous n’avez pas pris ce quiz depuis la dernière actualisation